[Event "XII Figueira da Foz Open 2018"]
[Site "Figueira da Foz"]
[Date "2018.10.30"]
[Round "3"]
[White "Elissalt Cardenas, Hector"]
[Black "Vassallo Barroche, Mauricio"]
[Result "1/2-1/2"]
[WhiteElo "2316"]
[BlackElo "2378"]
[Annotator "TA"]
[PlyCount "74"]
[EventDate "2018.10.30"]
[EventType "swiss"]
[EventCountry "POR"]
[SourceTitle "playchess.com"]
[Source "ChessBase"]
[SourceQuality "1"]

{[%evp 17,74,7,8,0,0,-40,40,0,0,0,0,0,0,0,0,-9,111,119,128,120,253,253,252,252,314,322,312,161,154,143,108,90,91,90,93,91,96,81,207,90,90,90,138,140,145,142,220,220,220,137,142,0,0,0,117,106,106,106,106]} 1. d4 Nf6 2. c4 e6 3. Nf3 b6 4. e3 Bb7 5. Bd3 d5 6. O-O Nbd7 7. b3 Bd6 8. Bb2 O-O 9. Ne5 Qe7 {LiveBook: 4 Games. E14: Queen's Indian: Classical Variation (4 e3)} 10. a4 $146 ({Predecessor:} 10. a3 c5 11. f4 cxd4 12. exd4 Ne4 13. Nc3 Nxc3 14. Bxc3 Rfd8 15. Qe1 Nf8 16. f5 exf5 17. Bxf5 Bxe5 18. Qxe5 Qxe5 19. dxe5 dxc4 20. bxc4 {½-½ (54) Stefanova,A (2576)-Parligras,M (2633) Kozloduy 2012}) 10... Bb4 11. Na3 dxc4 (11... Nxe5 $15 12. dxe5 Ne4) 12. Naxc4 Nxe5 13. Nxe5 Rfd8 14. Qe2 c5 15. dxc5 Bxc5 16. a5 Bd5 {[#]} (16... Nd7 $11 17. Nxd7 Rxd7) 17. e4 $1 $36 {[%cal Re4d5][%mdl 2048] White is really pushing.} Bxb3 18. Nc6 $1 {[%csl LRd8,LRe7]} Qc7 (18... Qd6 $16 19. Nxd8 Rxd8) 19. Nxd8 $18 Rxd8 20. axb6 axb6 21. Bxf6 gxf6 22. Rfb1 (22. Bb5 $142) 22... Qe5 23. Ra7 b5 24. Rb7 Bc4 25. Bxc4 bxc4 26. Qxc4 {Hoping for R7b5.} Rd4 27. Qb5 {[#] Threatening mate with Qe8+.} Qh5 (27... Kg7 $16 {was called for.}) 28. Qb3 (28. Re1 $18) 28... Rxe4 $16 {White must now prevent ...Bxf2+.} 29. Qg3+ Rg4 30. Qf3 Qg6 31. Rd1 Rd4 (31... Qe4 $16 32. Qxe4 Rxe4) 32. Rxd4 $18 Bxd4 {KQR-KQB} 33. Rb8+ Kg7 34. Qa3 (34. h4 $16) 34... Qc2 $1 $11 {[%cal Rc2d1]} 35. Qg3+ Qg6 (35... Kh6 $1 $11 {keeps the balance.} 36. Qh4+ Kg7 37. Qg4+ Kh6 38. Qf4+ Kg7 39. Qg4+ Kh6 40. Qf4+ Kg7 41. Qg4+) 36. Kf1 Qxg3 37. hxg3 f5 {Precision: White = 43%, Black = 51%.} 1/2-1/2

[Event "XII Figueira da Foz Open 2018"]
[Site "Figueira da Foz"]
[Date "2018.10.30"]
[Round "3"]
[White "Piasetski, Leon"]
[Black "Jakubowski, Krzysztof"]
[Result "0-1"]
[WhiteElo "2252"]
[BlackElo "2511"]
[Annotator "TA"]
[PlyCount "92"]
[EventDate "2018.10.30"]
[EventType "swiss"]
[EventCountry "POR"]
[SourceTitle "playchess.com"]
[Source "ChessBase"]
[SourceQuality "1"]

{[%evp 23,92,77,95,42,64,9,15,-7,15,0,0,0,0,-4,-3,-8,-5,-91,-104,-89,-110,-121,-106,-112,-101,-110,-84,-99,-105,-259,-262,-251,-135,-102,-103,-98,-107,-120,-95,-256,-129,-200,-185,-174,-183,-161,-103,-103,-102,-109,-109,-111,-105,-202,-203,-212,-196,-349,-342,-388,-97,-12823,-12821,-6502,-8170,-2346,-2365,-12841,-12840,-12843,-12843]} 1. Nf3 b6 2. g3 Bb7 3. Bg2 c5 4. O-O Nf6 5. c4 g6 6. d4 cxd4 7. Qxd4 Bg7 8. Nc3 O-O 9. Qh4 Re8 10. Bh6 {A30: Symmetrical English: Double Fianchetto and Hedgehog} Bh8 11. Rfd1 d6 12. Rac1 Nbd7 {LiveBook: 5 Games} 13. Ne1 ({White should try} 13. e4 $16) 13... Qb8 $146 ({Predecessor:} 13... Bxg2 14. Nxg2 Rc8 15. Ne3 Rc5 16. Bg5 Qa8 17. b3 Qb7 18. Ned5 Bg7 19. Ne4 {½-½ (19) Schacher,G (2358)-Lostuzzi,M (2420) Condino 2014}) 14. Bxb7 (14. e4 $14) 14... Qxb7 $11 15. Ng2 {[%cal Be1g2,Bg2e3,Be3d5][%mdl 32]} a6 16. a4 Nc5 17. Ne3 Qd7 18. Ned5 Rab8 19. Bg5 $1 {[%cal Rg5f6]} Nxd5 20. cxd5 (20. Nxd5 $11 {remains equal.} Rb7 21. b4 Nxa4 22. Rd3) 20... Bxc3 $17 21. Rxc3 f6 ({Reject} 21... Nxa4 $6 22. Rc6 $11) 22. Bc1 Qxa4 ({Much worse is} 22... Nxa4 $6 23. Rc6 $11) 23. Rd4 Qb5 24. Re3 a5 25. g4 Rb7 {[%cal Bb8b7,Bb7e7,Be7e6][%mdl 32]} 26. Rh3 $2 {[#]} (26. g5 $17) 26... e5 $19 27. dxe6 Rxe6 (27... Nb3 $19 28. Rxb3 Qxb3 29. Qxf6 Qxe6 30. Qxe6+ Rxe6) 28. Re3 $17 Qc6 29. Bd2 Rbe7 30. Rxe6 Rxe6 ({Worse is} 30... Nxe6 31. Qxf6 Qd7 32. Re4 $16) 31. Be3 $2 {[#]} (31. Qg3 $17 {was worth a try.}) 31... Ne4 ({Black should play} 31... Nb3 $1 $19 {[%cal Rb3d4]} 32. Rd3 Nc1) 32. Rd1 (32. Qh3 $17) 32... Qb5 $19 33. Rc1 Nc5 34. g5 Qxe2 ({Better is} 34... Qxb2 $19 {aiming for ...Rxe3!} 35. gxf6 Qxf6) 35. gxf6 $17 h5 $36 {[%cal Bh7h5,Bh5g4][%mdl 2080] Keeping White busy.} 36. Qg5 Qg4+ 37. Qxg4 hxg4 {[%mdl 4096] Endgame KRB-KRN} 38. Bd4 (38. Rc4 $17 {might work better.}) 38... Kf7 $19 39. Rd1 Re2 40. Be3 $2 (40. Kf1 Re4 41. Bc3) 40... Rxb2 41. Rxd6 Ne6 $2 (41... a4 $19 {and Black stays clearly on top. And now ...a3 would win.} 42. Bxc5 bxc5) 42. Rxb6 $2 {[%mdl 8192]} (42. Bxb6 $17 a4 43. Be3) 42... Rxb6 {Black is clearly winning.} 43. Bxb6 a4 44. Ba5 Kxf6 45. Bb4 Kf5 46. Kg2 Nd4 {Precision: White = 33%, Black = 59%.} 0-1

[Event "XII Figueira da Foz Open 2018"]
[Site "Figueira da Foz"]
[Date "2018.10.30"]
[Round "3"]
[White "Garcia Dorado, Alberto"]
[Black "Felizes, Paulo"]
[Result "1-0"]
[WhiteElo "2206"]
[BlackElo "1965"]
[Annotator "TA"]
[PlyCount "33"]
[EventDate "2018.10.30"]
[EventType "swiss"]
[EventCountry "POR"]
[SourceTitle "playchess.com"]
[Source "ChessBase"]
[SourceQuality "1"]

{[%evp 12,33,35,37,43,10,51,51,54,54,44,58,50,50,181,179,179,194,178,182,380,376,372,382]} 1. d4 Nf6 2. c4 c5 3. d5 b5 4. cxb5 e6 5. Nc3 exd5 6. Nxd5 Bb7 7. e4 {LiveBook: 19 Games} a6 {A57: Benko/Volga Gambit} (7... Nxd5 8. exd5 d6 9. Ne2 Be7 10. Nc3 O-O 11. Be2 a6 12. O-O axb5 13. Bxb5 Nd7 14. Bf4 g5 15. Bd2 {1-0 (34) Neelotpal,D (2428)-Boidman,Y (2403) Hofheim 2014}) 8. b6 Bxd5 $146 ({Predecessor:} 8... Nxd5 9. exd5 d6 10. Nf3 Nd7 11. Bf4 Nxb6 12. Bg3 Be7 13. Bd3 Bxd5 14. O-O {0-1 (43) Shaw,L (1257)-Bester,C (1081) Gauteng 2017}) 9. exd5 {Hoping for Qb3.} Qxb6 {White is slightly better.} 10. Nf3 Qb4+ 11. Bd2 Qe4+ $1 12. Be2 {[%cal Bf1e2,Be2d3,Bd3e4][%mdl 32] Strongly threatening 0-0.} Bd6 ({Better is} 12... Qxd5 $14 13. Bg5 Qxd1+ 14. Rxd1 Be7) 13. O-O $18 O-O 14. Bc3 Nxd5 15. Bd3 Nxc3 $2 {[#]} (15... Qe6) 16. Bxe4 Nxd1 17. Raxd1 ({Less strong is} 17. Bxa8 Nxb2 18. Rab1 Na4 $16) 1-0

[Event "XII Figueira da Foz Open 2018"]
[Site "Figueira da Foz"]
[Date "2018.10.30"]
[Round "3"]
[White "Santos, Antonio P"]
[Black "Morais, Vitor"]
[Result "1-0"]
[WhiteElo "2155"]
[BlackElo "1918"]
[Annotator "TA"]
[PlyCount "79"]
[EventDate "2018.10.30"]
[EventType "swiss"]
[EventCountry "POR"]
[SourceTitle "playchess.com"]
[Source "ChessBase"]
[SourceQuality "1"]

{[%evp 19,79,41,36,22,46,38,64,37,45,-12,-9,-12,45,33,39,8,83,87,66,70,83,60,135,114,131,58,118,119,110,111,117,117,117,117,117,117,106,104,117,115,115,116,117,118,111,108,138,132,132,130,116,116,218,220,310,306,472,456,489,486,29993,29994]} 1. d4 d5 2. c4 c6 3. Nf3 Nf6 4. Nc3 e6 5. Bg5 Be7 6. e3 Nbd7 7. Qc2 O-O 8. Rd1 h6 9. Bh4 dxc4 10. Bxc4 b5 {LiveBook: 4 Partien. D61: Damengambit (Hauptvariante mit 7.Dc2)} 11. Bd3 Bb7 12. O-O a6 {Weiß steht etwas besser.} 13. a4 (13. a3 Re8 14. Rd2 Qb6 15. b4 a5 16. Rb1 Bf8 17. e4 axb4 18. axb4 Ra3 19. Qb2 Rea8 20. Bg3 {½-½ (20) Shishkin,V (2492)-Czarnota,P (2523) Police 2014}) 13... Rc8 14. Bxf6 $146 (14. Ne5 $14) ({Vorgänger:} 14. Qe2 Re8 15. Rc1 Qa5 16. e4 b4 17. Nb1 {1-0 (69) Lang,M (2299)-Schmid,H (2236) Wuerttemberg 2004}) 14... Nxf6 $11 15. Ne4 Nd5 ({Besser ist} 15... Nxe4 $11 16. Bxe4 f5) 16. Nc5 $14 Bxc5 17. Qxc5 (17. dxc5 {seems wilder.} a5 18. Bh7+ Kh8 19. Be4 Qe7 20. Rd4) 17... Qe7 (17... Nb6 $11 {hält das Gleichgewicht.}) 18. Qxe7 $16 ({Viel schwächer wäre} 18. axb5 $6 Qxc5 19. dxc5 cxb5 $11) 18... Nxe7 19. Ne5 Rfd8 20. Be4 f5 ({Lieber} 20... bxa4 $14 21. Ra1 Rb8) 21. Bf3 Nd5 22. Bxd5 (22. Ra1 $16) 22... cxd5 (22... Rxd5 $14 23. Nd3 bxa4) 23. axb5 axb5 24. b4 Rc2 25. Ra1 Ra8 26. Rxa8+ Bxa8 {[%mdl 4096] Endspiel KTL-KTS} 27. h4 Bc6 28. Ra1 Be8 29. Ra6 Rb2 30. Rxe6 Kf8 31. Nd3 Rb3 32. Nf4 Rxb4 33. Nxd5 Rb1+ 34. Kh2 Bf7 35. Re5 Bxd5 (35... b4 $16 {kämpft weiter.}) 36. Rxd5 $18 g6 {[#]} (36... f4 $142 37. exf4 Ke8) 37. h5 $1 {[%cal Bh4h5,Bh5g6,Bg6g7][%mdl 544]} Kf7 (37... f4 $142 38. exf4 gxh5 39. Rxh5 Kg7) (37... gxh5 38. Rxf5+) 38. Rd7+ Ke6 39. hxg6 Kf6 (39... Kxd7 $2 {zu gefräßig.} 40. g7) (39... Ra1 $18 40. Rb7 b4 41. Rxb4 Ra6) 40. g7 {Precision: Weiß = 72%, Schwarz = 36%.} 1-0

[Event "XII Figueira da Foz Open 2018"]
[Site "Figueira da Foz"]
[Date "2018.10.30"]
[Round "3"]
[White "Lisowski, Krzysztof"]
[Black "Pais, Bruno Miguel Dos Sa"]
[Result "1-0"]
[WhiteElo "2095"]
[BlackElo "1836"]
[Annotator "NA RC"]
[PlyCount "39"]
[EventDate "2018.10.30"]
[EventType "swiss"]
[EventCountry "POR"]
[SourceTitle "playchess.com"]
[Source "ChessBase"]
[SourceQuality "1"]
[TimeControl "40/5400+30:1800+30"]

{[%evp 11,36,-12,32767,32767,32767,32767,68,68,95,93,87,84,79,86,171,32767,32767,32767,32767,32767,32767,32767,482,32767,32767,1135,1271]} 1. e4 {[%emt 0:00:00]} c5 {[%emt 0:00:00]} 2. Nf3 {[%emt 0:00:00]} e6 {[%emt 0:00:00]} 3. b3 {[%emt 0:00:00]} b6 {[%emt 0:00:00]} 4. Bb2 {[%emt 0:02:10]} Bb7 {[%emt 0:00:07]} 5. Nc3 {[%emt 0:02:12]} a6 {[%emt 0:00:06]} 6. Qe2 {[%emt 0:03:53] B40: Sicilian: 2...e6, Unusual lines} (6. d4 cxd4 7. Nxd4 Qc7 8. Qd2 Nf6 9. f3 Nc6 10. Nxc6 dxc6 11. O-O-O Be7 12. Bd3 b5 13. e5 Nd7 14. Ne4 Nxe5 15. Qc3 {1-0 (35) So,W (2780)-Vallejo Pons,F (2707) Leon 2018}) 6... d6 {[%emt 0:03:26]} 7. d4 {[%emt 0:05:18]} cxd4 {[%emt 0:02:01]} 8. Nxd4 {[%emt 0:00:20]} Qc7 {[%emt 0:00:55]} 9. O-O-O {[%emt 0:13:52]} Nf6 {[%emt 0:02:44]} 10. g4 {[%emt 0:04:06] LiveBook: 7 Games} Nc6 {[%emt 0:17:27]} 11. Nxc6 {[%emt 0:17:23]} Qxc6 {[%emt 0:00:07]} 12. Nd5 {[%emt 0:05:44]} e5 $146 {[%emt 0:06:05]} ({Predecessor:} 12... Nd7 13. Bg2 O-O-O 14. Ne3 Qc7 15. g5 Kb8 16. h4 {½-½ (16) Fogarasi,T (2407)-Bokros,A (2458) Hungary 2012}) 13. g5 {[%emt 0:11:54]} Nxd5 {[%emt 0:01:58]} 14. exd5 {[%emt 0:00:08]} Qc5 {[%emt 0:02:02]} 15. f4 {[%emt 0:03:27]} Bxd5 {[%emt 0:12:50]} 16. Rxd5 {[%emt 0:00:18]} Qxd5 {[%emt 0:00:55]} 17. Bg2 {[%emt 0:00:11]} e4 {[%emt 0:00:13]} 18. Bxe4 {[%emt 0:00:09]} Qe6 $18 {[%emt 0:02:25]} 19. f5 {[%emt 0:03:47]} Qe7 {[%emt 0:00:58]} 20. f6 {[%emt 0:00:34]} 1-0

[Event "XII Figueira da Foz Open 2018"]
[Site "Figueira da Foz"]
[Date "2018.10.30"]
[Round "3"]
[White "Fernandes, Miguel A. Murtinho"]
[Black "Veiga, Jose Francisco R P "]
[Result "1/2-1/2"]
[WhiteElo "2048"]
[BlackElo "2272"]
[Annotator "TA"]
[PlyCount "112"]
[EventDate "2018.10.30"]
[EventType "swiss"]
[EventCountry "POR"]
[SourceTitle "playchess.com"]
[Source "ChessBase"]
[SourceQuality "1"]

{[%evp 24,112,49,39,53,18,8,7,12,0,45,-63,0,0,27,21,39,32,92,35,37,22,113,105,102,126,108,-29,-34,-37,-22,-51,-9,-49,-42,-35,-25,-11,-13,-20,-13,-92,-93,-181,-200,-190,-120,-145,-122,-151,-122,-137,-126,-127,-150,-237,-226,-226,-225,-214,-209,-161,-125,-159,-63,-279,-83,-274,-220,-193,-80,-53,-10,-25,-32,-46,0,0,0,0,0,0,0,0,0,0,0,0,0,0,0]} 1. d4 Nf6 2. c4 c5 3. d5 e6 4. Nc3 exd5 5. cxd5 d6 6. Nf3 g6 7. Nd2 Nbd7 8. e4 Bg7 9. Be2 O-O 10. O-O Re8 11. Qc2 Ne5 12. a4 Bg4 {A77: Benoni (Hauptsystem)} 13. f3 {LiveBook: 6 Partien} Bc8 14. Nd1 $146 ({Vorgänger:} 14. f4 Neg4 15. Nc4 Nxe4 16. Nxe4 Bd4+ 17. Kh1 Nxh2 18. g3 Nxf1 19. Bxf1 Bf5 20. Ncd2 Rxe4 21. Nxe4 Qe7 22. Bd3 Re8 {0-1 (22) Nestorovic,D (2422)-Indjic,A (2523) Subotica 2014}) 14... Nh5 15. Ne3 Qg5 16. Ra3 (16. Ndc4 Nxc4 17. Nxc4 Bd4+ 18. Rf2 Nf4 $15) 16... Nf4 17. Re1 ({Besser ist} 17. Bb5 $14 Rd8 18. Kh1) 17... h5 (17... f5 $15) 18. Kh1 $11 h4 19. Ndc4 Nxc4 20. Bxc4 f5 (20... Bd4 $14) 21. Bf1 (21. Bb5 $16 Re7 22. Nc4) 21... fxe4 22. Nc4 Be5 (22... Qf6 $1 $11) 23. Nxe5 $16 Rxe5 24. Rxe4 Bf5 25. Bxf4 ({Weiss braucht} 25. Rxe5 $16 dxe5 26. Qb3 (26. Qxc5 Rc8 $16)) 25... Qxf4 $11 26. Rxf4 Bxc2 27. Kg1 Kg7 28. Rc3 Bf5 29. Rxh4 Rxd5 30. Re3 g5 $36 {[%cal Bg6g5,Bg5g4][%mdl 2080] Schwarz hat Druck.} 31. Rc4 $1 Rd2 32. f4 (32. h4 $11 {bleibt in der Remisbreite.}) 32... g4 $1 $17 33. Rcc3 (33. b3 $17 {kämpft weiter.}) 33... Rxb2 $19 34. Bd3 Bxd3 (34... Rf8 $19 35. g3 b6 36. Bxf5 Rxf5) 35. Rcxd3 {[%mdl 4096] Endspiel KTT-KTT} Rd8 $1 36. Rd5 Rb4 37. Rg5+ Kf6 38. Rxg4 d5 39. Re5 {[#]} (39. Rh4 $17 {war nötig.}) 39... Rxf4 $1 {[%mdl 512]} 40. Rxd5 (40. Rxf4+ Kxe5) 40... Rxg4 ({Schwächer ist} 40... Rxd5 41. Rxf4+ Ke5 42. Rg4 $15) 41. Rxd8 Rxa4 {KT-KT} 42. Rc8 c4 43. h4 {[#]} b5 (43... a5 $1 $17 44. Kf2 b5) 44. Rc6+ $2 {[#]} ({Lieber} 44. Rc5 $1 $15) 44... Ke7 $2 (44... Ke5 $1 $19 {[%cal Re5d5]} 45. h5 Ra1+ 46. Kh2 Re1) 45. Kf2 $2 (45. h5 $17) 45... Kd7 46. Rc5 a6 (46... Ra2+ $19 {und Schwarz behält klar die Oberhand.} 47. Kf3 a6) 47. h5 $17 Ra1 {Droht ...Kd6 und aus.} 48. g4 {[%cal Bg2g4,Bg4g5,Bg5g6][%mdl 32] Mit der Idee h6.} Kd6 49. Rc8 Ke5 {Weiss muss nun ...Kf4 beachten.} (49... b4 $5 {[%cal Rb4b3]} 50. Rxc4 a5 $17) 50. g5 {Und g6 würde nun gewinnen.Die Stellung ist ausgeglichen.} Rh1 51. g6 {Droht stark g7.} Kf6 52. Rc6+ Kg7 53. Rc7+ Kg8 54. Rc8+ Kg7 55. Rc7+ Kh8 56. Rc8+ Kg7 {Precision: Weiß = 36%, Schwarz = 38%.} 1/2-1/2

[Event "XII Figueira da Foz Open 2018"]
[Site "Figueira da Foz"]
[Date "2018.10.30"]
[Round "3"]
[White "Adams, Philip"]
[Black "Roettgen, Juergen"]
[Result "0-1"]
[WhiteElo "1980"]
[BlackElo "2169"]
[Annotator "TA"]
[PlyCount "80"]
[EventDate "2018.10.30"]
[EventType "swiss"]
[EventCountry "POR"]
[SourceTitle "playchess.com"]
[Source "ChessBase"]
[SourceQuality "1"]

{[%evp 24,80,25,20,18,17,18,8,26,0,0,0,0,-13,6,14,32,14,23,27,33,0,22,19,25,5,53,56,56,63,70,54,64,66,73,66,76,85,349,349,349,349,251,160,271,43,43,50,50,51,50,0,0,6,8,8,6,8,8]} 1. Nf3 c5 2. c4 b6 3. g3 Bb7 4. Bg2 Nf6 5. O-O e6 6. b3 Be7 7. Bb2 O-O 8. Nc3 a6 9. e3 d6 10. d3 {[%cal Bd2d3,Bd3d4][%mdl 32] A30: Symmetrical English: Double Fianchetto and Hedgehog} (10. d4 Nbd7 11. d5 exd5 12. Nh4 Rb8 13. Nf5 b5 14. Nxd5 Bxd5 15. cxd5 Re8 16. Nxe7+ Qxe7 17. e4 c4 18. Bd4 Ne5 19. bxc4 Nxc4 {½-½ (26) Mareco,S (2643)-Iturrizaga Bonelli,E (2640) Vlissingen 2018}) 10... Qc7 11. Rc1 Nbd7 12. Qe2 Rfe8 13. Rfd1 {LiveBook: 5 Games} Rad8 14. d4 Qb8 $146 ({Predecessor:} 14... cxd4 15. exd4 Bf8 16. Rc2 Qb8 17. Qf1 Rc8 18. Ne1 Bxg2 19. Nxg2 b5 {½-½ (62) Reschke,S (2330)-Zsinka,L (2405) Frankfurt 1989}) 15. Nh4 Bxg2 16. Kxg2 (16. Nxg2 {with more complications.} Qb7 17. g4 Ne4 18. Qf3 d5 19. cxd5 Ng5 20. Qg3) 16... Bf8 17. Kg1 Qb7 18. Qf3 Qxf3 19. Nxf3 g6 20. Rc2 cxd4 21. Nxd4 Nc5 22. b4 Nce4 23. Nxe4 Nxe4 24. f3 e5 25. fxe4 {[#] Black must now prevent Nc6.} exd4 26. Bxd4 b5 27. cxb5 axb5 28. Rc7 $36 {[%mdl 2048] White fights for an advantage.} Rxe4 {[#]} 29. Rb7 $1 Ra8 30. Rxb5 Rxa2 $2 {[%mdl 8192]} (30... Bg7 $16 {was called for.}) 31. Rb8 $18 f5 32. Rc1 Kf7 33. Rc7+ Re7 (33... Be7 $16 {keeps fighting.} 34. b5 Rd2) 34. Rbb7 $2 ({White must play} 34. Rbc8 $18) 34... Rc2 $1 $14 35. Rxe7+ Bxe7 {KRB-KRB} 36. b5 Ke6 37. h4 Rc1+ {The position is equal.} 38. Kf2 Rb1 39. b6 Bf6 40. Bxf6 Kxf6 {[%mdl 32768] Precision: White = 55%, Black = 53%. . Sensor Board Error (Ke4/e5)?} 0-1

[Event "XII Figueira da Foz Open 2018"]
[Site "Figueira da Foz"]
[Date "2018.10.30"]
[Round "3"]
[White "Lopez de Turiso, Jose Angel"]
[Black "Margarido, Jose Miguel Teixeir"]
[Result "0-1"]
[WhiteElo "1933"]
[BlackElo "2121"]
[Annotator "TA"]
[PlyCount "98"]
[EventDate "2018.10.30"]
[EventType "swiss"]
[EventCountry "POR"]
[SourceTitle "playchess.com"]
[Source "ChessBase"]
[SourceQuality "1"]

{[%evp 11,98,0,10,-25,-20,-21,-4,-32,-33,-77,-81,-74,-59,-54,-54,-54,-37,-45,-34,-38,-25,-31,-27,-64,-68,-83,-88,-143,-140,-143,-141,-127,-149,-143,-121,-129,-127,-161,-137,-127,-88,-102,-81,-84,-80,-212,-147,-252,-237,-325,-236,-386,-368,-603,-585,-516,-325,-322,-245,-518,-531,-408,-351,-480,-354,-412,-435,-435,-451,-439,-431,-470,-454,-482,-470,-497,-416,-900,-893,-1105,-554,-842,-654,-1315,-1260,-1211,-1168,-1152,-1053]} 1. c4 c5 2. Nf3 Nc6 3. Nc3 g6 4. e3 Nf6 5. d4 cxd4 6. Nxd4 Bg7 {LiveBook: 208 Games} 7. c5 $146 {A35: Symmetrical English: 2 Nc3 Nc6 3 Nf3} ({Predecessor:} 7. g3 Nxd4 8. Qxd4 O-O 9. Bg2 d6 10. O-O Be6 11. Qd3 Rc8 12. Nd5 Nxd5 13. cxd5 Bd7 14. e4 Qa5 {0-1 (50) Ortiz Suarez,I (2527)-Sebenik,M (2570) Batumi 2018}) 7... O-O 8. Be2 Nxd4 9. Qxd4 {The position is equal.} b6 10. cxb6 Bb7 11. O-O Nd5 12. Qd2 Nxc3 13. bxc3 axb6 14. Bb2 Qc7 $36 {[%mdl 2048] Black has some pressure.} 15. c4 Bxb2 16. Qxb2 Be4 {[%cal Bb7e4,Be4f5,Bf5e6][%mdl 32]} 17. f3 Bf5 18. g4 Be6 19. Rac1 (19. Qb4 $142) 19... Ra5 $17 20. Rc3 Rfa8 21. a3 h5 22. gxh5 Rxh5 {[%csl Gh5][%cal Rc7h2] [#]} 23. f4 Rc5 {[%cal Re6c4]} 24. h4 b5 {[%cal Re6c4]} 25. h5 Bxc4 ({Reject} 25... gxh5 $6 {[#]} 26. Bxh5 $1 {[%mdl 512]} Rxh5 27. Qg2+ Kh7 28. Qe4+ (28. Qxa8 $2 {perishes.} Bd5 $19) 28... Kg7 29. Qg2+ (29. Qxa8 $2 {too greedy.} Bd5 $19) 29... Kf6 30. Qxa8 $11) 26. hxg6 fxg6 {Threatens to win with ...Bxe2.} 27. Qc2 Kf7 28. Bd3 (28. Bf3 $17 Rh8 29. Rd1) 28... Rg8 29. a4 (29. Rf2 $17 {was worth a try.}) 29... Qc8 $19 {And now ...Bxd3 would win.} 30. Qg2 Bd5 31. Rxc5 (31. Qxd5+ $142 Rxd5 32. Rxc8 Rxc8 33. Bxb5) 31... Qxc5 32. Qh3 $2 (32. Qg3 bxa4 33. f5) 32... bxa4 33. Kf2 Qb6 34. Rb1 Qe6 35. f5 $2 (35. Qxe6+ {might work better.} Bxe6 36. Ra1) 35... Qf6 36. e4 Bb3 37. e5 Qb6+ 38. Ke2 gxf5 39. Qxf5+ Ke8 {( -> ...Rg2+)} 40. Qe4 Qc6 41. Qxc6 dxc6 {[%mdl 4096] Endgame KRB-KRB} 42. Rc1 Kd7 43. Ke3 Bd5 44. Bf5+ (44. Ra1 $142 Rg3+ 45. Kd2) 44... e6 {Black is clearly winning.} 45. Bd3 Rg4 46. Rb1 Kc7 47. Rf1 a3 {[%cal Ba4a3,Ba3a2][%mdl 32]} 48. Ra1 a2 49. Bc2 Kb6 {Precision: White = 34%, Black = 78%.} 0-1

[Event "XII Figueira da Foz Open 2018"]
[Site "Figueira da Foz"]
[Date "2018.10.30"]
[Round "3"]
[White "Pipiras, Filipa Fortuna"]
[Black "Fernandes, Ricardo Paulos"]
[Result "0-1"]
[WhiteElo "1853"]
[BlackElo "2098"]
[Annotator "NA RC"]
[PlyCount "68"]
[EventDate "2018.10.30"]
[EventType "swiss"]
[EventCountry "POR"]
[SourceTitle "playchess.com"]
[Source "ChessBase"]
[SourceQuality "1"]
[TimeControl "40/5400+30:1800+30"]

{[%evp 18,67,82,32767,32767,32767,32767,87,32767,92,89,83,117,32767,32767,74,108,94,32767,32767,32767,32767,32767,32767,32767,32767,111,46,31,29,40,29,29,0,94,88,85,85,32767,32767,153,153,215,32767,32767,32767,-5722,-29990,-29991,-29993,-29994,-29999]} 1. d4 {[%emt 0:04:35]} Nf6 {[%emt 0:00:00]} 2. c4 {[%emt 0:00:23]} g6 {[%emt 0:00:00]} 3. Nc3 {[%emt 0:00:23]} Bg7 {[%emt 0:00:00]} 4. Nf3 {[%emt 0:00:30]} O-O {[%emt 0:00:00]} 5. Bg5 {[%emt 0:00:37]} c5 {[%emt 0:00:00]} 6. d5 {[%emt 0:00:28]} b5 {[%emt 0:00:00]} 7. cxb5 {[%emt 0:06:45]} d6 {[%emt 0:01:27]} 8. e4 {[%emt 0:00:52]} a6 {[%emt 0:00:36]} 9. bxa6 {[%emt 0:05:16]} Bxa6 {[%emt 0:00:22]} 10. Bxa6 {[%emt 0:00:40]} Nxa6 {[%emt 0:00:07]} 11. O-O {[%emt 0:00:21]} h6 {[%emt 0:02:58] E91: King's Indian: Classical: 6 Be2, unusual replies including 6...c5 and 6...Bg4} 12. Be3 $146 {[%emt 0:02:32]} ({Predecessor:} 12. Bf4 Qb6 13. Rb1 Nd7 14. Qd2 Kh7 15. Rfe1 c4 16. Be3 Nac5 17. Bd4 Bxd4 18. Qxd4 Nd3 19. Qxb6 Nxb6 20. Red1 {½-½ (39) Van de Plassche,E (2199)-Kivipelto,K (2146) Finland 2018}) 12... Qb6 {[%emt 0:03:45]} 13. Rb1 {[%emt 0:01:41]} Rfb8 {[%emt 0:06:44]} 14. Nd2 {[%emt 0:04:47]} Qa5 {[%emt 0:15:24]} 15. Nc4 {[%emt 0:06:58]} Qb4 {[%emt 0:00:53]} 16. Qe2 {[%emt 0:01:58]} Nc7 {[%emt 0:10:21]} 17. a3 {[%emt 0:05:51]} Qb3 {[%emt 0:03:33]} 18. Nd2 {[%emt 0:03:22]} Qb7 {[%emt 0:00:28]} 19. b4 {[%emt 0:10:47]} Qc8 {[%emt 0:09:53]} 20. bxc5 {[%emt 0:01:39]} dxc5 {[%emt 0:00:01]} 21. Qc4 {[%emt 0:09:09]} Nd7 {[%emt 0:02:50]} 22. Nb5 {[%emt 0:02:32]} ({Much weaker is} 22. Bxc5 $6 Na6 $15) 22... Nxb5 {[%emt 0:01:26]} 23. Rxb5 {[%emt 0:00:25]} Rxa3 {[%emt 0:00:10]} 24. Rc1 {[%emt 0:04:24]} ({Wrong is} 24. Bxc5 $2 Rc3 $19) 24... Rba8 {[%emt 0:23:16]} 25. g3 {[%emt 0:06:07]} Ra1 {[%emt 0:04:12] [#]} (25... R8a4 $11 26. Qf1 Ra1) 26. Rxa1 $1 {[%emt 0:00:31]} ({But not} 26. Bxc5 $2 Ne5 $19) 26... Rxa1+ {[%emt 0:00:18]} 27. Kg2 {[%emt 0:00:07]} Ra3 {[%emt 0:01:12]} 28. Nb3 {[%emt 0:01:08]} Ne5 {[%emt 0:10:03]} (28... g5 $142) 29. Qxc5 {[%emt 0:00:51]} Qg4 {[%emt 0:00:08]} (29... Qa6 $16) 30. Qxa3 {[%emt 0:09:02]} Qxe4+ {[%emt 0:00:06]} 31. Kh3 {[%emt 0:01:14] [#]} g5 $1 {[%emt 0:00:54]} 32. f3 {[%emt 0:05:37]} Qxf3 {[%emt 0:00:02]} 33. Qa8+ {[%emt 0:00:18]} Kh7 {[%emt 0:00:22]} 34. Qc8 {[%emt 0:00:29]} Qf1# {[%emt 0:00:06]} 0-1